000 01107nam a2200301Ia 4500
005 20240530103251.0
008 140319s9999 xx 000 0 ara d
017 _a1993/7567
_bمصر. دار الكتب
020 _a977-0134538
040 _aGCL /
_cGCL
082 0 4 _a301.1
_bس ا
_221
245 1 0 _aالانسان وقضاياه النفسية والاجتماعية /
_cسعد المغربى
260 _aالقاهرة :
_bالهيئة المصرية العامة للكتاب،
_c1993
300 _a291 ص
650 0 4 _aالصحة النفسية
_2qrmak
650 0 4 _aالمخدرات
_2qrmak
650 0 4 _aالجوانب الاجتماعية
_2qrmak
650 0 4 _aالبيئة والانسان
_2qrmak
650 0 4 _aالسلوك الاجتماعى
_2qrmak
650 0 4 _aالقيم الاجتماعية
_2qrmak
650 0 4 _aالجوانب النفسية
_2qrmak
650 0 4 _aالاغتصاب
_2qrmak
650 0 4 _aالاغتراب
_2qrmak
650 0 4 _aالتكيف الاجتماعى
_2qrmak
651 _2qrmak
942 _2ddc
_cBK
999 _c38017
_d38017